Basque and Iberian Loanwords in English - Statistics

General Stats
  • This quiz has been taken 47 times
    13 since last reset
  • The average score is 6 of 13
Answer Stats
Hint Answer % Correct
A sea that is partially enclosed by land, such as the ... of Biscay or Bengal. bay
75%
Very strange, extravagant. Possibly from a Basque word for beard.* b{izarre}
67%
Sauce from Argentina made with parsley, garlic, vinegar and olive oil. ch{imichurri}
58%
The wild ancestor of the goat. There are Iberian and Alpine species among others.* i{bex}
58%
A building used to store grain or nuclear missiles.* silo
58%
A small fish cured in salt and stored in oil, giving it a strong taste.* anchovy
50%
Another word for rabbit or bunny, which lived only in the Iberian peninsula in antiquity. Also the name of an island with amusement parks in the south of Brooklyn.* c{ony}
42%
An outline filled in with black, like a shadow. Named after a Frenchman whose surname was of Basque origin. s{ilhouette}
42%
The lightest type of wood used commercially, from a tree native to South America. In Spanish, the word means 'raft'. b{alsa}
33%
The upper part of a turtle shell, or similar parts of certains crustaceans and insects. May be related to the word above.* car{apace}
33%
Someone aggressively advocating for war. Also with the suffix -ism, which means excessive nationalism. Possibly from the Basque word "jainko" which means 'god'.* j{ingo}
33%
Another name for the bottle gourd. It is eaten in many cultures but can also be hollowed out and dried to use as bowls, containers or musical instruments.* cal{abash}
25%
A slow dance from the baroque period. In classical music, often in the form of theme and variations. The most famous one is probably included in Bach's violin partita in D minor. ch{aconne}
8%
No matching quizzes found
Score Distribution
Percent of People with Each Score
Percentile by Number Answered
Your Score History
You have not taken this quiz since the last reset